[Event "GER-ch Net qual4 U14"]
[Site "Playchess.com INT"]
[Date "2011.05.11"]
[Round "1"]
[White "Haeusler, Luis"]
[Black "Maier, Dominik"]
[Result "1/2-1/2"]
[WhiteElo "1275"]
[BlackElo "1506"]
[PlyCount "39"]
[EventDate "2011.05.11"]
[EventType "swiss (blitz)"]
[EventRounds "7"]
[EventCountry "GER"]
[SourceTitle "CBM 142 Extra"]
[Source "ChessBase"]
[SourceDate "2011.06.27"]
[SourceVersion "1"]
[SourceVersionDate "2011.06.27"]
[SourceQuality "1"]

1. e4 c5 2. Nc3 Nc6 3. g3 e6 4. Bg2 Nge7 5. d3 g6 6. f4 Bg7 7. Nf3 d5 8. e5 Bd7 9. 0-0 f5 10. Bd2 Qb6 11. Rb1 0-0-0 12. Qe2 h5 13. h4 Na5 14. Kh1 Bc6 15. Ng5 Rdf8 16. Nxe6 Rf7 17. Ng5 Rff8 18. Ne6 Rf7 19. Ng5 Rff8 20. Ne6 1/2-1/2

[Event "GER-ch Net qual4 U14"]
[Site "Playchess.com INT"]
[Date "2011.05.11"]
[Round "3"]
[White "Maier, Dominik"]
[Black "Dittrich, Tom"]
[Result "0-1"]
[WhiteElo "1506"]
[BlackElo "1415"]
[PlyCount "76"]
[EventDate "2011.05.11"]
[EventType "swiss (blitz)"]
[EventRounds "7"]
[EventCountry "GER"]
[SourceTitle "CBM 142 Extra"]
[Source "ChessBase"]
[SourceDate "2011.06.27"]
[SourceVersion "1"]
[SourceVersionDate "2011.06.27"]
[SourceQuality "1"]

1. e4 c5 2. Nf3 d6 3. Bc4 Nc6 4. Nc3 g6 5. d4 cxd4 6. Nxd4 Bg7 7. Nxc6 bxc6 8. Qf3 Nf6 9. 0-0 0-0 10. Bf4 Bb7 11. e5 dxe5 12. Bxe5 Nd7 13. Bxg7 Kxg7 14. Rad1 Ne5 15. Qe4 Qc7 16. Qf4 f6 17. Be6 Rad8 18. h3 c5 19. Nd5 Bxd5 20. Rxd5 Rxd5 21. Bxd5 Rd8 22. c4 Qd7 23. b3 e6 24. Be4 Qd4 25. Re1 Nd3 26. Bxd3 Qxf4 27. Be4 Qd2 28. Ra1 Qb2 29. Rb1 Qxa2 30. b4 Rd4 31. bxc5 Rxe4 32. c6 Qxb1+ 33. Kh2 Rxc4 34. c7 Rxc7 35. Kg3 Rc4 36. f4 Qe1+ 37. Kg4 h5+ 38. Kf3 Rc3# 0-1

[Event "GER-ch Net qual3 U14"]
[Site "Playchess.com INT"]
[Date "2011.05.08"]
[Round "4"]
[White "Caprita, Victor"]
[Black "Maier, Dominik"]
[Result "0-1"]
[WhiteElo "1318"]
[BlackElo "1479"]
[PlyCount "70"]
[EventDate "2011.05.08"]
[EventType "swiss (blitz)"]
[EventRounds "7"]
[EventCountry "GER"]
[SourceTitle "CBM 142 Extra"]
[Source "ChessBase"]
[SourceDate "2011.06.27"]
[SourceVersion "1"]
[SourceVersionDate "2011.06.27"]
[SourceQuality "1"]

1. d4 d5 2. c4 e6 3. Nc3 Bb4 4. a3 Bxc3+ 5. bxc3 dxc4 6. e4 b5 7. a4 c6 8. axb5 cxb5 9. Bf4 Bd7 10. Nf3 Ne7 11. g3 Nbc6 12. Bg2 Na5 13. 0-0 Nb3 14. Rb1 a5 15. Re1 a4 16. Rb2 0-0 17. Bd6 Re8 18. Ra2 Qb6 19. Bb4 Nc6 20. Ba3 Qa5 21. Rc2 Rad8 22. Qe2 e5 23. d5 Ne7 24. Nxe5 Nxd5 25. exd5 f6 26. Qf3 Rxe5 27. Rxe5 fxe5 28. Qe2 Bf5 29. Bb4 Qa6 30. Rb2 a3 31. Bxa3 Qxa3 32. Ra2 Nc1 33. Rxa3 Nxe2+ 34. Kh1 e4 35. f3 Rxd5 0-1

[Event "GER-ch Net qual3 U14"]
[Site "Playchess.com INT"]
[Date "2011.05.08"]
[Round "3"]
[White "Maier, Dominik"]
[Black "Riehle, Marco"]
[Result "0-1"]
[WhiteElo "1479"]
[BlackElo "1752"]
[PlyCount "130"]
[EventDate "2011.05.08"]
[EventType "swiss (blitz)"]
[EventRounds "7"]
[EventCountry "GER"]
[SourceTitle "CBM 142 Extra"]
[Source "ChessBase"]
[SourceDate "2011.06.27"]
[SourceVersion "1"]
[SourceVersionDate "2011.06.27"]
[SourceQuality "1"]

1. e4 e5 2. Nf3 f5 3. Nxe5 Nf6 4. exf5 Qe7 5. f4 d6 6. Be2 dxe5 7. fxe5 Qxe5 8. 0-0 Bc5+ 9. Kh1 0-0 10. Bc4+ Kh8 11. d3 Bxf5 12. Bf4 Qxb2 13. Nd2 Nc6 14. Bxc7 Nd4 15. Nb3 Nxb3 16. Bxb3 Bg6 17. Qe2 Rac8 18. Be5 Bd4 19. Rfb1 Qc3 20. Bd6 Rfe8 21. Qf3 Qxa1 22. Rxa1 Bxa1 23. h3 b6 24. Ba4 Re1+ 25. Kh2 Be5+ 26. Bxe5 Rxe5 27. Qb7 Rf8 28. Bc6 h6 29. Bf3 Rf7 30. Qb8+ Re8 31. Qxe8+ Nxe8 32. Bd5 Rf2 33. Bb3 Nd6 34. a4 Nf5 35. Kg1 Rd2 36. Kf1 Ne3+ 37. Kg1 Rxg2+ 38. Kh1 Rg3 39. Kh2 Nf1+ 40. Kh1 Bh5 41. Bd5 Bf3+ 42. Bxf3 Rxf3 43. Kg2 Rxh3 44. Kxh3 Ne3 45. Kg3 Nxc2 46. Kf3 Nb4 47. Ke3 h5 48. Ke4 h4 49. Kd4 h3 50. Kc4 Nxd3 51. Kxd3 h2 52. Ke3 h1Q 53. Kf4 Qe1 54. Kf5 Qe3 55. Kg4 Qf2 56. Kg5 Qf3 57. Kg6 Qf4 58. a5 Qf6+ 59. Kh5 g6+ 60. Kh6 g5+ 61. Kh5 bxa5 62. Kg4 Kh7 63. Kh5 a4 64. Kg4 Qf4+ 65. Kh5 Qh4# 0-1

[Event "GER-ch Net qual3 U14"]
[Site "Playchess.com INT"]
[Date "2009.05.17"]
[Round "6"]
[White "Edlich, Finn"]
[Black "Maier, Dominik"]
[Result "0-1"]
[WhiteElo "1235"]
[BlackElo "1415"]
[PlyCount "52"]
[EventDate "2009.05.17"]
[EventType "swiss (blitz)"]
[EventRounds "7"]
[EventCountry "GER"]
[SourceTitle "CBM 130 Extra"]
[Source "ChessBase"]
[SourceDate "2009.07.02"]
[SourceVersion "2"]
[SourceVersionDate "2009.07.15"]
[SourceQuality "1"]

1. d4 e6 2. e4 c5 3. f4 d5 4. exd5 exd5 5. Nf3 Bg4 6. Be2 Nc6 7. dxc5 Bxc5 8. Bd2 Nf6 9. Nc3 Qe7 10. h3 Bxf3 11. gxf3 d4 12. Ne4 Nxe4 13. fxe4 Qxe4 14. Rf1 0-0 15. Rg1 Qe7 16. Be3 Qxe3 17. Rg5 Bb4+ 18. Kf1 Qxf4+ 19. Bf3 Qxg5 20. a3 Bc5 21. Qd3 Qh4 22. Ra2 Qxh3+ 23. Ke1 Ne5 24. Qd2 Nxf3+ 25. Kd1 Qf1+ 26. Qe1 Qxe1# 0-1

[Event "GER-ch Net qual3 U14"]
[Site "Playchess.com INT"]
[Date "2009.05.17"]
[Round "4"]
[White "Engesser, Jonas"]
[Black "Maier, Dominik"]
[Result "1-0"]
[WhiteElo "1408"]
[BlackElo "1415"]
[PlyCount "127"]
[EventDate "2009.05.17"]
[EventType "swiss (blitz)"]
[EventRounds "7"]
[EventCountry "GER"]
[SourceTitle "CBM 130 Extra"]
[Source "ChessBase"]
[SourceDate "2009.07.02"]
[SourceVersion "2"]
[SourceVersionDate "2009.07.15"]
[SourceQuality "1"]

1. e4 c5 2. Nf3 Nc6 3. d4 cxd4 4. Nxd4 e5 5. Nf3 Bc5 6. Bc4 Nf6 7. Nc3 0-0 8. Bg5 h6 9. Bh4 a6 10. 0-0 b5 11. Bd5 b4 12. Bxc6 dxc6 13. Qxd8 Rxd8 14. Bxf6 gxf6 15. Ne2 Bf8 16. Ng3 Bg4 17. h3 Bxf3 18. gxf3 Bg7 19. Kg2 Rd2 20. Rac1 c5 21. Nf5 Kh7 22. Rfd1 Rxd1 23. Rxd1 Bf8 24. Rd7 Kg6 25. Nh4+ Kg7 26. Nf5+ Kg6 27. Kg3 a5 28. Kg4 h5+ 29. Kg3 a4 30. Nh4+ Kg7 31. f4 a3 32. b3 Rc8 33. fxe5 fxe5 34. Rd5 f6 35. Nf5+ Kg6 36. Nh4+ Kg5 37. Nf3+ Kg6 38. Kh4 Be7 39. Rd7 Bd8 40. Rd6 c4 41. Nxe5+ Kg7 42. Nxc4 f5+ 43. Kxh5 fxe4 44. Rd4 Bb6 45. Nxb6 Rc5+ 46. Nd5 Kf7 47. Kg4 Ke6 48. Ne3 Rc8 49. Rxe4+ Kf6 50. Rxb4 Rg8+ 51. Kf3 Rf8 52. Ke2 Kg6 53. c4 Rc8 54. Ra4 Kh7 55. Rxa3 Kh6 56. b4 Kg6 57. Rb3 Kh5 58. b5 Kh4 59. b6 Kxh3 60. b7 Kh4 61. bxc8Q Kh5 62. Qg4+ Kh6 63. Rb1 Kh7 64. Rh1# 1-0

[Event "GER-ch Net qual3 U14"]
[Site "Playchess.com INT"]
[Date "2009.05.17"]
[Round "3"]
[White "Maier, Dominik"]
[Black "Werwitzke, Jasper"]
[Result "0-1"]
[WhiteElo "1415"]
[BlackElo "1349"]
[PlyCount "78"]
[EventDate "2009.05.17"]
[EventType "swiss (blitz)"]
[EventRounds "7"]
[EventCountry "GER"]
[SourceTitle "CBM 130 Extra"]
[Source "ChessBase"]
[SourceDate "2009.07.02"]
[SourceVersion "2"]
[SourceVersionDate "2009.07.15"]
[SourceQuality "1"]

1. d4 e6 2. c4 d5 3. c5 Nc6 4. a3 b6 5. b4 Ba6 6. Qa4 Bb7 7. b5 Na5 8. c6 Bc8 9. Bd2 Nc4 10. e3 Nb2 11. Qb3 Nc4 12. Bxc4 dxc4 13. Qxc4 a5 14. Nc3 Nf6 15. Nge2 g6 16. 0-0 Bg7 17. Ng3 0-0 18. e4 Ne8 19. e5 f5 20. Nge2 h6 21. Be3 Qe7 22. Nf4 g5 23. Nfe2 f4 24. Bd2 Kh8 25. a4 f3 26. gxf3 Rxf3 27. Ng3 Qf7 28. Qe2 h5 29. Bxg5 Rxc3 30. Ne4 Rh3 31. Be3 Qg6+ 32. Ng3 h4 33. Qf3 hxg3 34. fxg3 Qh7 35. Qg4 Rxh2 36. Rf7 Rh1+ 37. Kg2 Rxa1 38. Re7 Qh1+ 39. Kf2 Qf1# 0-1

[Event "GER-ch Net qual2 U14"]
[Site "Playchess.com INT"]
[Date "2009.05.13"]
[Round "2"]
[White "Oberpriller, Johannes"]
[Black "Maier, Dominik"]
[Result "1-0"]
[WhiteElo "1701"]
[BlackElo "1415"]
[PlyCount "139"]
[EventDate "2009.05.13"]
[EventType "swiss (blitz)"]
[EventRounds "7"]
[EventCountry "GER"]
[SourceTitle "CBM 130 Extra"]
[Source "ChessBase"]
[SourceDate "2009.07.02"]
[SourceVersion "2"]
[SourceVersionDate "2009.07.15"]
[SourceQuality "1"]

1. d4 d5 2. Nf3 Nf6 3. e3 c5 4. b3 e6 5. Bb2 Nc6 6. Bd3 Bd6 7. 0-0 0-0 8. Nbd2 Bd7 9. c3 Qc7 10. h3 b6 11. Rc1 e5 12. dxe5 Nxe5 13. Nxe5 Bxe5 14. Nf3 Bd6 15. c4 dxc4 16. Bxc4 Ne4 17. Bd5 Bc6 18. Bxc6 Qxc6 19. Qc2 Be7 20. Ne5 Qb7 21. Rfd1 Nf6 22. Rd2 Rad8 23. Rcd1 Rxd2 24. Rxd2 Ne4 25. Rd7 Qa8 26. Rxe7 Nf6 27. Qc3 Nd5 28. Qc4 Nxe7 29. Nd7 Rd8 30. Qg4 Ng6 31. h4 Qc8 32. Ne5 Nxe5 33. Qxc8 Rxc8 34. Bxe5 a6 35. Kf1 b5 36. Ke2 c4 37. bxc4 bxc4 38. Kd2 f6 39. Bd4 Kf7 40. Kc3 Ke6 41. e4 Kd6 42. g3 Ke6 43. f4 g6 44. a4 f5 45. e5 h5 46. Bf2 Kd5 47. Bd4 Ke4 48. e6 Kf3 49. e7 Kxg3 50. Bf6 Kxf4 51. Kb4 Kg4 52. Kc3 f4 53. Kd2 Kf3 54. Ke1 c3 55. Bxc3 Rxc3 56. e8Q Rc1+ 57. Kd2 Ra1 58. Qc6+ Kg4 59. Qf6 f3 60. Qxa1 Kg3 61. Qf1 f2 62. Ke3 Kg4 63. Qxf2 Kh3 64. Kf4 g5+ 65. hxg5 h4 66. Qf1+ Kh2 67. Kf3 h3 68. Qf2+ Kh1 69. Kg3 h2 70. Qg2# 1-0

[Event "GER-ch Net qual1 U14"]
[Site "Playchess.com INT"]
[Date "2009.05.10"]
[Round "6"]
[White "Diederichs, Luise"]
[Black "Maier, Dominik"]
[Result "0-1"]
[WhiteElo "1157"]
[BlackElo "1415"]
[PlyCount "44"]
[EventDate "2009.05.10"]
[EventType "swiss (blitz)"]
[EventRounds "7"]
[EventCountry "GER"]
[SourceTitle "CBM 130 Extra"]
[Source "ChessBase"]
[SourceDate "2009.07.02"]
[SourceVersion "2"]
[SourceVersionDate "2009.07.15"]
[SourceQuality "1"]

1. d4 d5 2. c4 dxc4 3. e3 b5 4. a4 bxa4 5. Rxa4 Nc6 6. Bxc4 Nf6 7. Bb5 Bd7 8. Rc4 Na5 9. Bxd7+ Qxd7 10. Ra4 Nc6 11. Bd2 e6 12. Nf3 Rb8 13. Bc3 Ne4 14. 0-0 Nxc3 15. Nxc3 Rxb2 16. Qa1 Rb8 17. d5 exd5 18. Rd1 Bb4 19. Rxd5 Bxc3 20. Qxc3 Rb1+ 21. Ne1 Qxd5 22. g3 0-0 0-1

[Event "GER-ch Net qual1 U14"]
[Site "Playchess.com INT"]
[Date "2009.05.10"]
[Round "5"]
[White "Maier, Dominik"]
[Black "Dallinger, Moritz"]
[Result "0-1"]
[WhiteElo "1415"]
[BlackElo "1363"]
[PlyCount "94"]
[EventDate "2009.05.10"]
[EventType "swiss (blitz)"]
[EventRounds "7"]
[EventCountry "GER"]
[SourceTitle "CBM 130 Extra"]
[Source "ChessBase"]
[SourceDate "2009.07.02"]
[SourceVersion "2"]
[SourceVersionDate "2009.07.15"]
[SourceQuality "1"]

1. d4 d5 2. c4 c6 3. Nc3 Nf6 4. Bg5 Qa5 5. Bd2 Qb6 6. cxd5 cxd5 7. Qa4+ Bd7 8. Qb3 Qxd4 9. Qxb7 Bc6 10. Qb3 e5 11. Nf3 Qc5 12. Nxe5 Bd6 13. Nxc6 Qxc6 14. e3 0-0 15. Bb5 Qc5 16. 0-0 Ng4 17. h3 Nf6 18. Na4 Qc7 19. Rac1 Qe7 20. Rfe1 Qe5 21. g3 Qe6 22. Kg2 Ne4 23. Bc3 Qf5 24. f3 Ng5 25. f4 Qxh3+ 26. Kf2 Ne4+ 27. Kf3 Nxc3 28. Qxc3 Nd7 29. Qc2 Nf6 30. Nc3 Qg4+ 31. Kf2 Ne4+ 32. Nxe4 dxe4 33. Qxe4 f5 34. Bc4+ Kh8 35. Qd5 Rad8 36. Qd4 Be7 37. Qxa7 Bf6 38. b3 g5 39. fxg5 Bxg5 40. Be6 Qe4 41. Rc7 f4 42. gxf4 Bh4+ 43. Ke2 Bxe1 44. Bd5 Rxd5 45. Kxe1 Rg8 46. Qb7 Rg1+ 47. Ke2 Qg2# 0-1

[Event "GER-ch Net qual1 U14"]
[Site "Playchess.com INT"]
[Date "2009.05.10"]
[Round "1"]
[White "Maier, Dominik"]
[Black "Zier, Oliver"]
[Result "0-1"]
[WhiteElo "1415"]
[BlackElo "2052"]
[PlyCount "116"]
[EventDate "2009.05.10"]
[EventType "swiss (blitz)"]
[EventRounds "7"]
[EventCountry "GER"]
[SourceTitle "CBM 130 Extra"]
[Source "ChessBase"]
[SourceDate "2009.07.02"]
[SourceVersion "2"]
[SourceVersionDate "2009.07.15"]
[SourceQuality "1"]

1. d4 d5 2. c4 e6 3. Nc3 Be7 4. Bf4 Nf6 5. e3 0-0 6. Nf3 c5 7. Be2 Nc6 8. 0-0 cxd4 9. exd4 dxc4 10. Bxc4 a6 11. Bb3 Nb4 12. a3 Nbd5 13. Nxd5 Nxd5 14. Bxd5 Qxd5 15. Ne5 Bd6 16. Re1 b5 17. Qd2 Bb7 18. f3 Rfd8 19. Rac1 Rac8 20. Rxc8 Rxc8 21. Qd3 f6 22. Qe4 fxe5 23. Qxd5 Bxd5 24. dxe5 Bc5+ 25. Kh1 Bd4 26. Rb1 Rc2 27. b4 Bb2 28. h3 h6 29. Be3 Bxa3 30. Bc5 Bb2 31. Bd6 Re2 32. Kh2 Bxe5+ 33. Bxe5 Rxe5 34. Rc1 Kh7 35. Ra1 Re2 36. Kg3 Rb2 37. Rxa6 Rxb4 38. Rb6 Bc4 39. Rb7 Rb1 40. Rb6 b4 41. Rb7 b3 42. Rb4 b2 43. Rb6 Bd5 44. Rb4 Kg6 45. Rb5 Kf6 46. Kf2 Ba2 47. g3 g5 48. Ke3 Re1+ 49. Kf2 b1Q 50. Rxb1 Rxb1 51. Ke3 h5 52. Kf2 Kf5 53. g4+ hxg4 54. hxg4+ Kf4 55. Kg2 Rb2+ 56. Kf1 Kxf3 57. Ke1 Bb3 58. Kf1 Rb1# 0-1